<?xml version="1.0" encoding="UTF-8"?>
<collection xmlns="http://www.loc.gov/MARC21/slim">
 <record>
  <leader>02668nam a22003017a 4500</leader>
  <controlfield tag="001">NCT_49816</controlfield>
  <controlfield tag="008">180912b        xxu||||| |||| 00| 0 vie d</controlfield>
  <datafield tag="999" ind1=" " ind2=" ">
   <subfield code="c">2381</subfield>
   <subfield code="d">2381</subfield>
  </datafield>
  <datafield tag="020" ind1=" " ind2=" ">
   <subfield code="a">9786048220365</subfield>
   <subfield code="c">133000</subfield>
  </datafield>
  <datafield tag="082" ind1="0" ind2="4">
   <subfield code="2">23rd ed.</subfield>
   <subfield code="a">624.18</subfield>
   <subfield code="b">Đ312M</subfield>
  </datafield>
  <datafield tag="245" ind1="1" ind2="0">
   <subfield code="a">Định mức sử dụng vật liệu trong xây dựng :</subfield>
   <subfield code="b">Công bố kèm theo quyết định số 1329/QĐ - BXD ngày 19 tháng 12 năm 2016 của Bộ Xây dựng</subfield>
   <subfield code="c">Bộ Xây dựng</subfield>
  </datafield>
  <datafield tag="260" ind1=" " ind2=" ">
   <subfield code="a">H.</subfield>
   <subfield code="b">Xây dựng</subfield>
   <subfield code="c">2017</subfield>
  </datafield>
  <datafield tag="300" ind1=" " ind2=" ">
   <subfield code="a">195 tr.</subfield>
   <subfield code="b">bảng</subfield>
   <subfield code="c">31cm</subfield>
  </datafield>
  <datafield tag="500" ind1=" " ind2=" ">
   <subfield code="a">Phụ lục: tr. 179-188</subfield>
  </datafield>
  <datafield tag="520" ind1="3" ind2=" ">
   <subfield code="a">&quot;Thuyết minh và hướng dẫn định mức sử dụng vật liệu trong lĩnh vực xây dựng như: Định mức cấp phối vật liệu vữa bê tông, vữa xây, chát, công tác ván khuôn cây chống cho công tác bê tông, vật liệu làm giàn giáo...&quot;</subfield>
  </datafield>
  <datafield tag="653" ind1=" " ind2=" ">
   <subfield code="a">Kỹ thuật công trình xây dựng</subfield>
  </datafield>
  <datafield tag="942" ind1=" " ind2=" ">
   <subfield code="2">ddc</subfield>
   <subfield code="c">BK</subfield>
  </datafield>
  <datafield tag="952" ind1=" " ind2=" ">
   <subfield code="0">0</subfield>
   <subfield code="1">0</subfield>
   <subfield code="2">ddc</subfield>
   <subfield code="4">0</subfield>
   <subfield code="6">624_180000000000000_Đ312M</subfield>
   <subfield code="7">0</subfield>
   <subfield code="9">13743</subfield>
   <subfield code="a">000001</subfield>
   <subfield code="b">000001</subfield>
   <subfield code="d">2018-09-12</subfield>
   <subfield code="o">624.18 Đ312M</subfield>
   <subfield code="p">MD.12788</subfield>
   <subfield code="r">2018-09-12</subfield>
   <subfield code="v">133000.00</subfield>
   <subfield code="w">2018-09-12</subfield>
   <subfield code="y">BK</subfield>
  </datafield>
  <datafield tag="952" ind1=" " ind2=" ">
   <subfield code="0">0</subfield>
   <subfield code="1">0</subfield>
   <subfield code="2">ddc</subfield>
   <subfield code="4">0</subfield>
   <subfield code="6">624_180000000000000_Đ312M</subfield>
   <subfield code="7">0</subfield>
   <subfield code="9">13744</subfield>
   <subfield code="a">000001</subfield>
   <subfield code="b">000001</subfield>
   <subfield code="d">2018-09-12</subfield>
   <subfield code="o">624.18 Đ312M</subfield>
   <subfield code="p">MD.12789</subfield>
   <subfield code="r">2018-09-12</subfield>
   <subfield code="v">133000.00</subfield>
   <subfield code="w">2018-09-12</subfield>
   <subfield code="y">BK</subfield>
  </datafield>
  <datafield tag="952" ind1=" " ind2=" ">
   <subfield code="0">0</subfield>
   <subfield code="1">0</subfield>
   <subfield code="2">ddc</subfield>
   <subfield code="4">0</subfield>
   <subfield code="6">624_180000000000000_Đ312M</subfield>
   <subfield code="7">0</subfield>
   <subfield code="9">13745</subfield>
   <subfield code="a">000001</subfield>
   <subfield code="b">000001</subfield>
   <subfield code="d">2018-09-12</subfield>
   <subfield code="o">624.18 Đ312M</subfield>
   <subfield code="p">MD.12790</subfield>
   <subfield code="r">2018-09-12</subfield>
   <subfield code="v">133000.00</subfield>
   <subfield code="w">2018-09-12</subfield>
   <subfield code="y">BK</subfield>
  </datafield>
  <datafield tag="952" ind1=" " ind2=" ">
   <subfield code="0">0</subfield>
   <subfield code="1">0</subfield>
   <subfield code="2">ddc</subfield>
   <subfield code="4">0</subfield>
   <subfield code="6">624_180000000000000_Đ312M</subfield>
   <subfield code="7">0</subfield>
   <subfield code="9">13746</subfield>
   <subfield code="a">000001</subfield>
   <subfield code="b">000001</subfield>
   <subfield code="d">2018-09-12</subfield>
   <subfield code="o">624.18 Đ312M</subfield>
   <subfield code="p">MD.12791</subfield>
   <subfield code="r">2018-09-12</subfield>
   <subfield code="v">133000.00</subfield>
   <subfield code="w">2018-09-12</subfield>
   <subfield code="y">BK</subfield>
  </datafield>
  <datafield tag="952" ind1=" " ind2=" ">
   <subfield code="0">0</subfield>
   <subfield code="1">0</subfield>
   <subfield code="2">ddc</subfield>
   <subfield code="4">0</subfield>
   <subfield code="6">624_180000000000000_Đ312M</subfield>
   <subfield code="7">0</subfield>
   <subfield code="9">13747</subfield>
   <subfield code="a">000001</subfield>
   <subfield code="b">000001</subfield>
   <subfield code="d">2018-09-12</subfield>
   <subfield code="o">624.18 Đ312M</subfield>
   <subfield code="p">MD.12792</subfield>
   <subfield code="r">2018-09-12</subfield>
   <subfield code="v">133000.00</subfield>
   <subfield code="w">2018-09-12</subfield>
   <subfield code="y">BK</subfield>
  </datafield>
  <datafield tag="952" ind1=" " ind2=" ">
   <subfield code="0">0</subfield>
   <subfield code="1">0</subfield>
   <subfield code="2">ddc</subfield>
   <subfield code="4">0</subfield>
   <subfield code="6">624_180000000000000_Đ312M</subfield>
   <subfield code="7">0</subfield>
   <subfield code="9">16775</subfield>
   <subfield code="a">000001</subfield>
   <subfield code="b">000001</subfield>
   <subfield code="d">2019-04-20</subfield>
   <subfield code="o">624.18 Đ312M</subfield>
   <subfield code="p">MD.15361</subfield>
   <subfield code="r">2019-04-20</subfield>
   <subfield code="v">133000.00</subfield>
   <subfield code="w">2019-04-20</subfield>
   <subfield code="y">BK</subfield>
  </datafield>
  <datafield tag="952" ind1=" " ind2=" ">
   <subfield code="0">0</subfield>
   <subfield code="1">0</subfield>
   <subfield code="2">ddc</subfield>
   <subfield code="4">0</subfield>
   <subfield code="6">624_180000000000000_Đ312M</subfield>
   <subfield code="7">0</subfield>
   <subfield code="9">16776</subfield>
   <subfield code="a">000001</subfield>
   <subfield code="b">000001</subfield>
   <subfield code="d">2019-04-20</subfield>
   <subfield code="o">624.18 Đ312M</subfield>
   <subfield code="p">MD.15362</subfield>
   <subfield code="r">2019-04-20</subfield>
   <subfield code="v">133000.00</subfield>
   <subfield code="w">2019-04-20</subfield>
   <subfield code="y">BK</subfield>
  </datafield>
  <datafield tag="952" ind1=" " ind2=" ">
   <subfield code="0">0</subfield>
   <subfield code="1">0</subfield>
   <subfield code="2">ddc</subfield>
   <subfield code="4">0</subfield>
   <subfield code="6">624_180000000000000_Đ312M</subfield>
   <subfield code="7">0</subfield>
   <subfield code="9">16777</subfield>
   <subfield code="a">000001</subfield>
   <subfield code="b">000001</subfield>
   <subfield code="d">2019-04-20</subfield>
   <subfield code="o">624.18 Đ312M</subfield>
   <subfield code="p">MD.15363</subfield>
   <subfield code="r">2019-04-20</subfield>
   <subfield code="v">133000.00</subfield>
   <subfield code="w">2019-04-20</subfield>
   <subfield code="y">BK</subfield>
  </datafield>
  <datafield tag="952" ind1=" " ind2=" ">
   <subfield code="0">0</subfield>
   <subfield code="1">0</subfield>
   <subfield code="2">ddc</subfield>
   <subfield code="4">0</subfield>
   <subfield code="6">624_180000000000000_Đ312M</subfield>
   <subfield code="7">0</subfield>
   <subfield code="9">16778</subfield>
   <subfield code="a">000001</subfield>
   <subfield code="b">000001</subfield>
   <subfield code="d">2019-04-20</subfield>
   <subfield code="o">624.18 Đ312M</subfield>
   <subfield code="p">MD.15364</subfield>
   <subfield code="r">2019-04-20</subfield>
   <subfield code="v">133000.00</subfield>
   <subfield code="w">2019-04-20</subfield>
   <subfield code="y">BK</subfield>
  </datafield>
  <datafield tag="952" ind1=" " ind2=" ">
   <subfield code="0">0</subfield>
   <subfield code="1">0</subfield>
   <subfield code="2">ddc</subfield>
   <subfield code="4">0</subfield>
   <subfield code="6">624_180000000000000_Đ312M</subfield>
   <subfield code="7">0</subfield>
   <subfield code="9">16779</subfield>
   <subfield code="a">000001</subfield>
   <subfield code="b">000001</subfield>
   <subfield code="d">2019-04-20</subfield>
   <subfield code="o">624.18 Đ312M</subfield>
   <subfield code="p">MD.15365</subfield>
   <subfield code="r">2019-04-20</subfield>
   <subfield code="v">133000.00</subfield>
   <subfield code="w">2019-04-20</subfield>
   <subfield code="y">BK</subfield>
  </datafield>
  <datafield tag="980" ind1=" " ind2=" ">
   <subfield code="a">Thư viện Trường Đại học Nam Cần Thơ</subfield>
  </datafield>
 </record>
</collection>
